02051naa a2200325 i 4500001000400000003000400004005001700008008003900025040000800064041001300072044000800085080001000093080000800103100011900111245021100230260001000441500002100451520051400472650002100986650001601007650001401023650001201037655003001049773034801079711011501427711011701542942001301659999001501672952003801687BPPBPK20180220143041.0160118s2012 pl f |100 0 pol cBPK apolbeng aPOL a628.3 a543 aGÓRECKA-ORZECHOWSKA, Jolanta - doktorant.bPolitechnika Koszalińska - Wydzial Mechaniczny,cKatedra Automatyki aChemical analisis of the bottom sediments of Rosnowo retention reservoir located on the river Radew =bAnaliza chemiczna osadów dennych zbiornika Rosnowskiego rzeki Radwi /cJolanta Górecka-Orzechowska. c2012. aDane z autopsji. aW pracy przedstawiono wyniki badań osadów dennych jeziora Rosnowskiego przeprowadzonych w roku 2000 (marzec - kwiecień). Doświadczenie przeprowadzono w różnych częściach zbiornika i stwierdzono zróżnicowanie przestrzenne osadów badanego zbiornika. Osad na próbki został pobrany z trzech części zbiornika (dolnej, środkowej i górnej). Badania wykazały, że najwięcej materii organicznej i mineralnej, fosforu i żelaza znajduje się na stanowisku pomiarowym Rosnowskie 2. 0aZbiorniki wodne. 0aOsad denny. 0aŻelazo. 0aFosfor. 0aMateriały konferencyjne. iW :tMateriały IX Konferencji Studentów i Młodych Pracowników Nauki Wydziału Mechanicznego oraz V Ogólnopolskiej Konferencji Studenckich Kół Naukowych Uczelni Technicznych : XXXIV Tydzień Kultury Studenckiej / pod red. Marka Fligla, Leona Kukiełki. -dKoszalin : Wydaw. Uczelniane Politechniki Koszalińskiej, 2012. -gs. 61-68 aOgólnopolska Konferencja Studenckich Kół Naukowych Uczelni Technicznychn(5 ;d2012 ;cKoszalin, Polska). aKonferencja Studentów i Młodych Pracowników Nauki Wydziału Mechanicznegon(9 ;d2012 ;cKoszalin, Polska). cART2UKD c6501d6501 00104070aBPKbBPKo101727yART